Регионална библиотека "Любен Каравелов" - Русе

Атлас на мъглявите континенти (Запис номер 491714)

MARC детайли
000 -Лидер
Контролно поле с фиксирана дължина 01412nam a2200289 a 4500
003 - Код на организацията, давaща контролен номер
Контролно поле BLK
005 - Дата и час на последна редакция
Контролно поле 20250707084642.0
008 - Елементи от данни с фиксирана дължина
fixed length control field 180410b bul|||||r ||||||| ||bul||
020 ## - Международен стандартен номер на книга ISBN
Международен стандартен номер на книга ISBN 9789544801342
040 ## - Източник на каталожния запис
Идентификатор на билиотеката - собственик на записа BLK
041 ## - Код за език
Код за езика на текст/звукозапис или на отделно заглавие Български
Код за езика КДБФ Български
080 ## - УДК
Текстов определител УДК Турска литература
УДК код - определител по УДК 821.512.161
УДК определител -31
УДК - код + определител 821.512.161-31
100 ## - Редна дума - Автор
Автор Анар, Ихсан Октай
Авторска отговорност първи автор
R(LIN) 1299
139 ## - Редно поле
Редна дума Анар, Ихсан Октай
Авторски знак Ан - А 64
245 10 - Сведения за заглавието
Заглавие Атлас на мъглявите континенти
Подзаглавни данни Роман
Редно поле (дума) Ихсан Октай Анар; прев. от тур. Златина Сакалова.
257 ## - Страна на издаване
Страна на създаване/издаване Турция
260 ## - Област на издателските данни
Място на издаване, разпространение и проч. София
Име на издателя, разпространителя и проч. Жар - Жанет Аргирова
Година на издаване 2020
Издателство - префикс ISBN 978-954-491- ; 978-954-480-
300 ## - Физическа характеристика
Страници 268 с.
Размери/Мащаб 20 см
380 ## - Жанр
Жанр Худож. лит.
500 ## - Общи забележки
Забележка Ориг. загл. Puslu kitalar atlasi/ İhsan Oktay Anar. - На кор.: Приключението е благословия за човечеството, защото най-голямото щастие в този свят е да издържиш да си свидетел на този свят. - Бел. под линия.
700 1# - Други автори (авторска отговорност)
Лично име Сакалова-Гергова, Златина Василева
Автороска отговорност (Описва отношението между автора и произведението) прев. от тур.
9 (RLIN) 118509
852 ## - Местоположение
Фондова буква Заемна - подръчен фонд
Систематично-азбучна сигнатура 821-31/А 64 И
856 ## - Електронен адрес и достъп
Инструкция (цена за достъп) 0.00
Права за достъп disable
999 ## - СИСТЕМНИ КОНТРОЛНИ НОМЕРА
Koha biblionumber 491714
Koha biblioitemnumber 491714
942 ## - АРТИКУЛИ
Вид на библиотечния материал Книги
Скрит в OPAC Не
Периодичен библиозапис Да
Koha issues (borrowed), all copies 1
944 ## - СЪЗДАВАНЕ И РЕДАКЦИЯ на ЗАПИСА
Създаване/Редакция Създаване
Дата на регистрацията/редакция 2023-05-23
Служител, извършил регистрацията/редакцията 30545
Статус, дата на статуса Нора Радева
999 ## - СИСТЕМНИ КОНТРОЛНИ НОМЕРА
Koha biblioitemnumber 491714
Наличности
Код за отписване Код за изгубен артикул Източник на класификационната схема Код за повреда Коз за рестрикции Код за отдаване Артикулен № Име на библиотеката - собственик Име на библиотеката, в която се намира в момента Статус (Текущо местоположение) Дата на вписване в системата Местоположение - отдел Цена в лева Инвентарен номер Систематично азбучна сигнатура Баркод Цена в евро Служебен тип на артикула
  Не е изгубен Universal Decimal Classification Не е повреден без рестрикции заемане за дома 929018 Регионална библиотека "Любен Каравелов" Русе Регионална библиотека "Любен Каравелов" Русе Заемна - подръчен фонд 2023-05-23 Заемна - подръчен фонд 11.24 120000888217 821-31/А 64 И 120000888217 5.75 Книги
Vip Innovations Ltd, Rousse, Bulgaria 2025